000 00489nmm a2200157Ia 4500
008 251105s9999||||xx |||||||||||||||||und||
020 _a9789587380613
041 _aspa
100 _aTorrijos, Vicente
245 0 _aGobernabilidad democrática y cohesión de la sociedad
264 _a[Bogotá, Colombia] :
_bUniversidad del Rosario,
_c2009
300 _a245 páginas
650 _aPolitical Science (General)
856 _uhttps://public.digitaliapublishing.com/a/10266
942 _cCF
999 _c95663
_d95663